| 000 | 00845nam a22002057a 4500 | ||
|---|---|---|---|
| 999 |
_c8416 _d8416 |
||
| 003 | AR-CdUCM | ||
| 008 | 190325b ||||| |||| 00| 0 spa d | ||
| 040 |
_aMUNICIPALIDAD PROVINCIAL DEL CUSCO _cBIBLIOTECA MUNICIPAL DEL CUSCO |
||
| 082 |
_a869.56 / _bF84 |
||
| 100 |
_aFrisancho, José _923617 |
||
| 245 | _aJose frisancho / | ||
| 300 |
_a132 páginas ; _c15 cm. X 14 cm. |
||
| 500 | _aDonación familia Nieto. | ||
| 505 | _aContenido : Hondazos -- ...un árbol, un hijo, un libro - Etopeya andina -- Voces del ande -- ¡Indio! -- India -- Desolación -- ¡A mi amor! -- Selvática -- Congojas -- Tu collar -- Ilusión marina -- La voz del mar -- La presa -- Mistiana -- El misti ... | ||
| 650 |
_aPoesías peruanas _91481 |
||
| 650 |
_aSiglo XX _98 |
||
| 650 |
_aPoesías religiosas peruanas _923618 |
||
| 942 |
_2ddc _cLIBROS |
||
| 945 | _azta | ||